000 00859nam a2200205Ia 4500
003 OSt
005 20250714141302.0
008 210210b2003 xxu||||| |||| 00| 0 eng d
040 _cAL
041 _aKannada
082 _aK894.8 SAMA
100 _aSAMAGRA DASA SAHITYA.
_9151256
_dಸಮಗ್ರ ದಾಸ ಸಾಹಿತ್ಯ
245 _aSamagra dasa sahitya: samputa; 26, Shri Gurujagannathadasaru mattu ithara samakalinara kratigalu.
_bಸಮಗ್ರ ದಾಸ ಸಾಹಿತ್ಯ : ಸಂಪುಟ ೨೬, ಶ್ರೀ ಗುರುಜಗನ್ನಾಥದಾಸರು ಮತ್ತು ಇತರ ಸಮಕಾಲೀನ ಕೃತಿ
260 _aBengaluru
_bKannada mattu Samskrati Nirdeshanalalya
_c2003
300 _a113,402
650 _aDasasahitya
_9151257
690 _aKannada Miscellaneous
_9151258
906 _a059401
942 _2ddc
_cBK
999 _c106532
_d106532